000 01119nam a2200313Ia 4500
001 Para_6015
003 CHAP
008 220125s1991 xx 000 0 und d
010 _a204770
040 _cCHAP
090 _aPA TESIS 600
100 _aRamírez Tenorio, Eduardo R.
_994297
245 _aTablas de vida y fertilidad del gorgojo Zabrotes subfasciatus Boh. (Coleoptera :
_b Bruchidae) en cinco materiales de frijol Phaseolus vulgaris L. /
_c por Eduardo R. Ramírez Tenorio
260 _aMontecillo, Méx. :
_b el autor
300 _a61 h.
502 _aTesis (M.C. Esp. en Entomología y Acarología) CP Centro de Entomología y Acarología
650 _aFrijol
_x plagas
_943415
650 _aFrijol
_x variedades
_943446
650 _aInsectos
_x reproducción
_958940
650 _aZabrotes subfasciatus
_9123383
710 _aColegio de Postgraduados. Centro de Entomología y Acarología
_9164258
901 _aPA TESIS 600
902 _aA
905 _a0000001991 0000000000 00
910 _a1991
942 _cPARA
942 _cPARA
_d1
999 _c204770
_d204770